000 00293nam a22001337a 4500
008 170926b xxu||||| |||| 00| 0 eng d
020 _a9780131711150
041 _aeng
080 _29TH
_a37
100 _a46
101 _aEDU
245 _aENGLISH FOR CAREERS
_cSMITH,L.R
942 _2udc
_cBK
999 _c29949
_d29949